[Event "Crema op 14th"]
[Site "Crema"]
[Date "2012.09.02"]
[Round "6"]
[White "Gabetto, Flaviano"]
[Black "Sala, Giovanni"]
[Result "0-1"]
[WhiteElo "2108"]
[BlackElo "2022"]
[PlyCount "98"]
[EventDate "2012.08.31"]
[EventType "swiss"]
[EventRounds "6"]
[EventCountry "ITA"]
[SourceTitle "EXT 2014"]
[Source "ChessBase"]
[SourceDate "2013.11.20"]
[SourceVersion "1"]
[SourceVersionDate "2013.11.20"]
[SourceQuality "1"]

1. e4 c5 2. Nc3 Nc6 3. g3 g6 4. Bg2 Bg7 5. d3 d6 6. Nge2 e5 7. 0-0 Nge7 8. Bg5 0-0 9. Qd2 f6 10. Bh6 Nd4 11. Nxd4 cxd4 12. Ne2 Be6 13. c3 dxc3 14. bxc3 d5 15. f3 dxe4 16. fxe4 Bxh6 17. Qxh6 Qxd3 18. Rf2 Kh8 19. Raf1 Ng8 20. Qc1 Rad8 21. Qb2 b6 22. Qa3 Qd7 23. h3 Kg7 24. g4 Qe7 25. Qc1 h6 26. Ng3 Qc5 27. Kh2 Bc4 28. h4 Bxf1 29. Qxf1 Qxc3 30. h5 Qd3 31. Qe1 Qd1 32. Qc3 Rd3 33. Qc7+ Rf7 34. Qc8 Ne7 35. Qe6 Rd6 36. Qc4 g5 37. Bf3 Qd4 38. Qf1 Rf8 39. Rc2 Rfd8 40. Be2 Qa4 41. Qc1 Rc6 42. Nf5+ Kh7 43. Bc4 Nxf5 44. gxf5 Rdc8 45. Qd2 Qxc2 46. Qxc2 Rxc4 47. Qd1 Rc2+ 48. Kg3 R8c3+ 49. Kg4 Rg2# 0-1

[Event "Crema op 14th"]
[Site "Crema"]
[Date "2012.09.01"]
[Round "4"]
[White "Gabetto, Flaviano"]
[Black "Pinna, Ferdinando"]
[Result "1/2-1/2"]
[WhiteElo "2108"]
[BlackElo "1929"]
[PlyCount "118"]
[EventDate "2012.08.31"]
[EventType "swiss"]
[EventRounds "6"]
[EventCountry "ITA"]
[SourceTitle "EXT 2014"]
[Source "ChessBase"]
[SourceDate "2013.11.20"]
[SourceVersion "1"]
[SourceVersionDate "2013.11.20"]
[SourceQuality "1"]

1. e4 e6 2. Nf3 c5 3. b4 cxb4 4. a3 d6 5. axb4 Nf6 6. Bd3 Nc6 7. c3 Qc7 8. 0-0 Be7 9. Bc2 d5 10. d3 dxe4 11. dxe4 b5 12. Qe2 a6 13. e5 Nd5 14. Be4 0-0 15. Bxd5 exd5 16. h3 Re8 17. Bf4 Be6 18. Rd1 Red8 19. Qe3 a5 20. bxa5 Rxa5 21. Rxa5 Qxa5 22. Nbd2 Qa4 23. Re1 d4 24. Nxd4 Nxd4 25. cxd4 Qxd4 26. Qg3 Qd3 27. f3 Bc5+ 28. Kh2 Bb4 29. Rd1 Qc2 30. Bh6 Qg6 31. Qh4 Rd7 32. Qxb4 Qxh6 33. Qxb5 f6 34. exf6 gxf6 35. Qe2 Qf4+ 36. Kh1 Qd6 37. Re1 Bxh3 38. Ne4 Qe6 39. gxh3 Qxh3+ 40. Qh2 Qxf3+ 41. Qg2+ Qxg2+ 42. Kxg2 Re7 43. Nxf6+ Kf7 44. Rf1 Kg6 45. Nd5 Rd7 46. Rd1 Kg7 47. Kf3 Rf7+ 48. Ke4 Ra7 49. Ke5 Ra2 50. Rg1+ Kf7 51. Rh1 Kg7 52. Kf5 Ra5 53. Ke5 Ra2 54. Rh4 Re2+ 55. Kf5 Ra2 56. Rf4 Ra5 57. Ke5 Kg6 58. Rf6+ Kg5 59. Rf7 Kh6 1/2-1/2

[Event "Crema op 14th"]
[Site "Crema"]
[Date "2012.08.31"]
[Round "1"]
[White "Acunzo, Domenico"]
[Black "Gabetto, Flaviano"]
[Result "0-1"]
[WhiteElo "1743"]
[BlackElo "2108"]
[PlyCount "56"]
[EventDate "2012.08.31"]
[EventType "swiss"]
[EventRounds "6"]
[EventCountry "ITA"]
[SourceTitle "EXT 2014"]
[Source "ChessBase"]
[SourceDate "2013.11.20"]
[SourceVersion "1"]
[SourceVersionDate "2013.11.20"]
[SourceQuality "1"]

1. e4 e6 2. d4 d5 3. Nc3 Nf6 4. Bg5 Bb4 5. e5 h6 6. Bd2 Bxc3 7. bxc3 Ne4 8. Bd3 Nxd2 9. Qxd2 c5 10. f4 c4 11. Be2 Qa5 12. Nf3 Nd7 13. 0-0 Nb6 14. a4 Nxa4 15. Ra3 b5 16. Nh4 Qd8 17. g3 Qe7 18. Raa1 g6 19. Ng2 h5 20. g4 hxg4 21. Bxg4 Bd7 22. Bf3 Rb8 23. Ne3 Qh4 24. Bxd5 exd5 25. Nxd5 Qg4+ 26. Kf2 Rxh2+ 27. Ke1 Qg3+ 28. Rf2 Qg1+ 0-1

[Event "Crema op 14th"]
[Site "Crema"]
[Date "2012.08.31"]
[Round "2"]
[White "Gabetto, Flaviano"]
[Black "Colombo, Luca"]
[Result "1-0"]
[WhiteElo "2108"]
[BlackElo "1898"]
[PlyCount "81"]
[EventDate "2012.08.31"]
[EventType "swiss"]
[EventRounds "6"]
[EventCountry "ITA"]
[SourceTitle "EXT 2014"]
[Source "ChessBase"]
[SourceDate "2013.11.20"]
[SourceVersion "1"]
[SourceVersionDate "2013.11.20"]
[SourceQuality "1"]

1. e4 c5 2. Nc3 Nc6 3. g3 g6 4. Bg2 Bg7 5. d3 d6 6. Nge2 Rb8 7. Bg5 Nd4 8. 0-0 b5 9. Qd2 Nxe2+ 10. Qxe2 Nf6 11. e5 Ng8 12. exd6 Qxd6 13. Bf4 e5 14. Rfe1 f6 15. Ne4 Qc7 16. Be3 Bf8 17. f4 f5 18. Nc3 Be6 19. fxe5 Ne7 20. a4 b4 21. Nb5 Qxe5 22. Bf4 Qxe2 23. Rxe2 Rb6 24. Bd6 Rxd6 25. Nxd6+ Kd7 26. Nb7 Nc8 27. Rae1 Bf7 28. c3 bxc3 29. bxc3 Nb6 30. a5 Nd5 31. c4 Nb4 32. Rd2 Kc7 33. Kf1 h5 34. d4 cxd4 35. Rb1 d3 36. c5 Nd5 37. Rxd3 Nf6 38. Nd6 Bxd6 39. cxd6+ Kd7 40. Rb7+ Ke6 41. Re7# 1-0

[Event "Mortara op 1st"]
[Site "Mortara"]
[Date "2011.09.??"]
[Round "1"]
[White "Gabetto, Flaviano"]
[Black "Marchini, Daniele"]
[Result "1-0"]
[WhiteElo "2119"]
[BlackElo "1768"]
[PlyCount "35"]
[EventDate "2011.09.16"]
[EventType "swiss"]
[EventRounds "5"]
[EventCountry "ITA"]
[SourceTitle "EXT 2023"]
[Source "ChessBase"]
[SourceDate "2022.10.05"]
[SourceVersion "1"]
[SourceVersionDate "2022.10.05"]
[SourceQuality "1"]

1. e4 c5 2. b4 d5 3. exd5 Qxd5 4. Nc3 Qe5+ 5. Be2 cxb4 6. d4 Qa5 7. Ne4 Bf5 8. Ng3 b3+ 9. c3 Qxc3+ 10. Bd2 Qc2 11. Nxf5 Qxf5 12. Qxb3 Nd7 13. Qxb7 Nb6 14. Qc6+ Qd7 15. Bb5 Rd8 16. Qc5 Nf6 17. Bxd7+ Rxd7 18. Qe5 1-0

[Event "Milan Crespi op 27th"]
[Site "Milan"]
[Date "2006.12.09"]
[Round "5"]
[White "Gabetto, Flaviano"]
[Black "Sgnaolin, Davide"]
[Result "0-1"]
[WhiteElo "2121"]
[BlackElo "2144"]
[PlyCount "80"]
[EventDate "2006.12.07"]
[EventType "swiss"]
[EventRounds "6"]
[EventCountry "ITA"]
[SourceTitle "EXT 2008"]
[Source "ChessBase"]
[SourceDate "2007.11.25"]
[SourceVersion "1"]
[SourceVersionDate "2007.11.25"]
[SourceQuality "1"]

1. e4 c5 2. b4 cxb4 3. d4 Nf6 4. f3 e6 5. a3 bxa3 6. c3 d6 7. Bd3 Nbd7 8. Be3 Be7 9. Ne2 0-0 10. 0-0 a6 11. Nxa3 Rb8 12. c4 e5 13. d5 Qc7 14. Ng3 g6 15. Kh1 Nc5 16. Bh6 Re8 17. h4 Bd7 18. Bc2 b5 19. cxb5 axb5 20. h5 b4 21. hxg6 hxg6 22. Nc4 b3 23. Bb1 Bb5 24. Nb2 Bxf1 25. Nxf1 Rec8 26. Nd2 Ncd7 27. Ndc4 Nb6 28. Bd3 Nxc4 29. Bxc4 Qc5 30. Qe2 Nh5 31. Kh2 g5 32. g3 Kh7 33. f4 Kxh6 34. Rh1 Rh8 35. fxe5 Kg7 36. Kg2 Nxg3 37. Rxh8 Rxh8 38. Qf3 Qd4 39. Kxg3 Qg1+ 40. Qg2 Qe3+ 0-1

[Event "Lodi op 1st"]
[Site "Lodi"]
[Date "2005.06.12"]
[Round "4"]
[White "Gabetto, Flaviano"]
[Black "Salvador, Roland"]
[Result "0-1"]
[WhiteElo "2136"]
[BlackElo "2360"]
[PlyCount "68"]
[EventDate "2005.06.10"]
[EventType "swiss"]
[EventRounds "5"]
[EventCountry "ITA"]
[SourceTitle "EXT 2007"]
[Source "ChessBase"]
[SourceDate "2006.11.23"]
[SourceVersion "1"]
[SourceVersionDate "2006.11.23"]
[SourceQuality "1"]

1. e4 c5 2. b4 cxb4 3. d4 d5 4. e5 Nc6 5. a3 Qb6 6. Nf3 Bg4 7. Be3 Bxf3 8. gxf3 e6 9. axb4 Bxb4+ 10. c3 Be7 11. Bd3 f5 12. Rg1 Kf7 13. Kf1 Rc8 14. c4 dxc4 15. d5 Qb2 16. Bxf5 exf5 17. e6+ Kf8 18. dxc6 Rd8 19. Nd2 bxc6 20. Qa4 c3 21. Nc4 Qb5 22. Qxb5 cxb5 23. Ne5 b4 24. Rxa7 f4 25. Bxf4 Rd1+ 26. Ke2 Rd8 27. Nd7+ Ke8 28. Rxg7 b3 29. Ne5 b2 30. Nc6 Bf6 31. Rab7 c2 32. Rxb2 Bxb2 33. Nxd8 Kxd8 34. Bd6 c1Q 0-1

[Event "Lodi op 1st"]
[Site "Lodi"]
[Date "2005.06.11"]
[Round "2"]
[White "Gabetto, Flaviano"]
[Black "Martinez, Rolly"]
[Result "0-1"]
[WhiteElo "2136"]
[BlackElo "2414"]
[PlyCount "70"]
[EventDate "2005.06.10"]
[EventType "swiss"]
[EventRounds "5"]
[EventCountry "ITA"]
[SourceTitle "EXT 2007"]
[Source "ChessBase"]
[SourceDate "2006.11.23"]
[SourceVersion "1"]
[SourceVersionDate "2006.11.23"]
[SourceQuality "1"]

1. e4 c5 2. b4 cxb4 3. d4 d5 4. e5 Nc6 5. a3 Qb6 6. Nf3 Bg4 7. Be3 e6 8. axb4 Bxf3 9. gxf3 Qxb4+ 10. c3 Qb2 11. Qa4 a6 12. Bd3 Ra7 13. Ra2 Qb6 14. Nd2 Qc7 15. c4 dxc4 16. Qxc4 b5 17. Qb3 Nb4 18. 0-0 Nxa2 19. Qxa2 Ne7 20. d5 Nxd5 21. Bxa7 Nb4 22. Qa1 Nxd3 23. Qxa6 Be7 24. Bb6 Qc6 25. Rb1 Nxe5 26. Rxb5 Nd7 27. Nc4 0-0 28. Rb3 Rc8 29. Na5 Qc1+ 30. Kg2 Qg5+ 31. Kh3 Rc1 32. Be3 Qh5+ 33. Kg2 Qg6+ 34. Kh3 Rg1 35. Qc8+ Nf8 0-1

[Event "Lombardia-ch"]
[Site "Monza"]
[Date "2005.05.22"]
[Round "5"]
[White "Piantoni, Roberto"]
[Black "Gabetto, Flaviano"]
[Result "1-0"]
[WhiteElo "2169"]
[BlackElo "2136"]
[PlyCount "76"]
[EventDate "2005.05.14"]
[EventType "swiss"]
[EventRounds "6"]
[EventCountry "ITA"]
[SourceTitle "EXT 2007"]
[Source "ChessBase"]
[SourceDate "2006.11.23"]
[SourceVersion "1"]
[SourceVersionDate "2006.11.23"]
[SourceQuality "1"]

1. Nf3 Nf6 2. d4 g6 3. Bf4 Bg7 4. e3 d6 5. h3 Nbd7 6. Be2 0-0 7. 0-0 c6 8. c4 Ne8 9. Bh2 e5 10. dxe5 Qb6 11. Qb3 dxe5 12. Nc3 Qd8 13. Qa3 f5 14. Rad1 Qf6 15. Rxd7 Bxd7 16. Bxe5 Qe6 17. Bf4 h6 18. h4 Kh7 19. Rd1 Rf7 20. Qb4 b6 21. c5 b5 22. Qa5 Qe7 23. Qa3 a5 24. b4 axb4 25. Qxb4 Be6 26. a4 bxa4 27. Nxa4 Bd5 28. Nb6 Ra2 29. Nxd5 cxd5 30. Bb5 Nc7 31. Bxc7 Qxc7 32. Rxd5 Ra1+ 33. Bf1 Qc8 34. Qc4 Rb7 35. Nd2 Rb2 36. Rd6 Raa2 37. Nf3 Rc2 38. Qf7 Qxc5 1-0

[Event "Lombardia-ch"]
[Site "Monza"]
[Date "2005.05.15"]
[Round "3"]
[White "Olivo, Mario"]
[Black "Gabetto, Flaviano"]
[Result "0-1"]
[WhiteElo "1799"]
[BlackElo "2136"]
[PlyCount "111"]
[EventDate "2005.05.14"]
[EventType "swiss"]
[EventRounds "6"]
[EventCountry "ITA"]
[SourceTitle "EXT 2007"]
[Source "ChessBase"]
[SourceDate "2006.11.23"]
[SourceVersion "1"]
[SourceVersionDate "2006.11.23"]
[SourceQuality "1"]

1. Nf3 Nf6 2. g3 g6 3. Bg2 Bg7 4. c4 d6 5. Nc3 0-0 6. d3 c5 7. 0-0 Nc6 8. Bg5 h6 9. Bd2 e6 10. Qc1 Kh7 11. e4 a5 12. b3 Ne8 13. Rb1 Nc7 14. a3 Rb8 15. a4 Nb4 16. Ne1 e5 17. Be3 Ne6 18. Nb5 Ng5 19. h4 Ne6 20. f4 exf4 21. Bxf4 Nxf4 22. Qxf4 Be5 23. Qe3 Bd7 24. Kh1 Bxb5 25. axb5 a4 26. bxa4 Ra8 27. Bh3 Rxa4 28. Ng2 Ra3 29. Rbd1 Qe7 30. Nf4 Rfa8 31. h5 g5 32. Bf5+ Kg7 33. Nd5 Nxd5 34. exd5 Ra2 35. Qe4 b6 36. Rf3 Rb2 37. Be6 Raa2 38. Rxf7+ Qxf7 39. Bxf7 Rh2+ 40. Kg1 Bd4+ 41. Qxd4+ cxd4 42. Bg6 Rag2+ 43. Kf1 Rxg3 44. Re1 Re3 45. Kg1 Rxe1+ 46. Kxh2 Re3 47. Kg2 Kf6 48. Kf2 Ke5 49. Kg2 Kf4 50. Be4 Kg4 51. Bg6 Re2+ 52. Kf1 Kf3 53. Be4+ Ke3 54. Bg6 g4 55. c5 bxc5 56. Bf5 0-1

[Event "Lombardia-ch"]
[Site "Monza"]
[Date "2005.05.14"]
[Round "1"]
[White "Paniga, Danilo"]
[Black "Gabetto, Flaviano"]
[Result "0-1"]
[WhiteElo "1665"]
[BlackElo "2136"]
[PlyCount "64"]
[EventDate "2005.05.14"]
[EventType "swiss"]
[EventRounds "6"]
[EventCountry "ITA"]
[SourceTitle "EXT 2007"]
[Source "ChessBase"]
[SourceDate "2006.11.23"]
[SourceVersion "1"]
[SourceVersionDate "2006.11.23"]
[SourceQuality "1"]

1. d4 Nf6 2. Nf3 e6 3. e3 c5 4. c3 Nc6 5. Bd3 Qc7 6. 0-0 e5 7. dxe5 Nxe5 8. Nxe5 Qxe5 9. Nd2 d5 10. e4 dxe4 11. Nxe4 Bd7 12. Ng5 Be7 13. Qb3 0-0 14. Qxb7 Rac8 15. Qf3 c4 16. Bf4 Qb5 17. Be4 h6 18. a4 Qa5 19. Nh3 Bg4 20. Qe3 Bc5 21. Qg3 Bxh3 22. Bxh6 Bg4 23. Qh4 Bb6 24. Bh7+ Kxh7 25. Bg5+ Kg8 26. Bxf6 Bf5 27. Be7 Rfe8 28. Bb4 Qe5 29. a5 Bc7 30. f4 Qe3+ 31. Kh1 Qd2 32. Qg5 Bd3 0-1

[Event "Milan Crespi op 25th"]
[Site "Milan"]
[Date "2004.12.05"]
[Round "3"]
[White "Gabetto, Flaviano"]
[Black "Valdivia, Rene"]
[Result "1-0"]
[WhiteElo "2128"]
[BlackElo "2252"]
[PlyCount "97"]
[EventDate "2004.12.04"]
[EventType "swiss"]
[EventRounds "9"]
[EventCountry "ITA"]
[SourceTitle "EXT 2007"]
[Source "ChessBase"]
[SourceDate "2006.11.23"]
[SourceVersion "1"]
[SourceVersionDate "2006.11.23"]
[SourceQuality "1"]

1. e4 d6 2. d4 g6 3. Nc3 Bg7 4. Be3 Nc6 5. h3 e5 6. d5 Nd4 7. Nf3 Nxf3+ 8. Qxf3 a6 9. g4 h5 10. Be2 h4 11. g5 Bd7 12. Qg2 Qe7 13. a4 Qd8 14. a5 Ne7 15. f3 c6 16. Bb6 Qb8 17. dxc6 bxc6 18. 0-0-0 Nc8 19. Bc4 Nxb6 20. axb6 Bf8 21. Qf2 Be7 22. f4 exf4 23. Qxf4 d5 24. Qxb8+ Rxb8 25. exd5 Bxg5+ 26. Kb1 Rxb6 27. Ne4 Be7 28. d6 Bd8 29. Nc5 Bf5 30. Rhf1 Rh5 31. Rde1+ Kf8 32. Nd7+ Kg7 33. Nxb6 Bxb6 34. d7 Bd8 35. Re8 Rh8 36. Rfe1 Bxd7 37. Rxh8 Kxh8 38. Rd1 Bxh3 39. Rxd8+ Kg7 40. Rd2 g5 41. Bxa6 Be6 42. Bb7 c5 43. Bd5 Bxd5 44. Rxd5 h3 45. Rxg5+ Kf6 46. Rg8 Kf5 47. Kc1 Kf4 48. Rh8 Kg4 49. Kd2 1-0

[Event "Corsico op2"]
[Site "Corsico"]
[Date "1998.??.??"]
[Round "1"]
[White "Valenti, Giuseppe"]
[Black "Gabetto, Flaviano"]
[Result "1-0"]
[WhiteElo "2210"]
[BlackElo "2125"]
[PlyCount "52"]
[EventDate "1998.??.??"]
[EventType "swiss"]
[EventRounds "6"]
[EventCountry "ITA"]
[SourceTitle "EXT 2002"]
[Source "ChessBase"]
[SourceDate "2001.11.25"]
[SourceVersion "1"]
[SourceVersionDate "2001.11.25"]
[SourceQuality "1"]

1. e4 e5 2. Nf3 Nc6 3. Bb5 Bc5 4. 0-0 Qf6 5. c3 h6 6. d4 Bb6 7. Bxc6 dxc6 8. Nxe5 Be6 9. Be3 0-0-0 10. Nd2 a6 11. f4 g6 12. Qf3 Qe7 13. Ndc4 Ba7 14. Na5 Qe8 15. d5 cxd5 16. Bxa7 dxe4 17. Qxe4 Bd5 18. Qb4 b5 19. c4 Ba8 20. cxb5 axb5 21. Rac1 Ne7 22. Qc5 Nd5 23. Rfd1 Rh7 24. Rxd5 f6 25. Rxd8+ Kxd8 26. Nac6+ Bxc6 1-0

[Event "Corsico op"]
[Site "Corsico"]
[Date "1996.??.??"]
[Round "3"]
[White "Gabetto, Flaviano"]
[Black "Oppici, Gabriele"]
[Result "1/2-1/2"]
[WhiteElo "2155"]
[BlackElo "2055"]
[PlyCount "96"]
[EventDate "1996.??.??"]
[EventType "swiss"]
[EventRounds "6"]
[EventCountry "ITA"]
[SourceTitle "EXT 1998"]
[Source "ChessBase"]
[SourceDate "1997.11.17"]
[SourceVersion "1"]
[SourceVersionDate "1997.11.17"]
[SourceQuality "1"]

1. e4 g6 2. d4 Bg7 3. Nf3 c6 4. Nc3 d5 5. h3 Nf6 6. e5 Ne4 7. Bd3 Nxc3 8. bxc3 c5 9. 0-0 Nc6 10. Re1 0-0 11. Bf4 Qa5 12. Qd2 cxd4 13. cxd4 Qxd2 14. Bxd2 Be6 15. Rab1 Rab8 16. Rb5 Rfd8 17. Reb1 b6 18. c3 h6 19. R5b2 Na5 20. Nh2 Bf5 21. Bxf5 gxf5 22. Bf4 Rbc8 23. Rc1 Rc6 24. Nf1 Rdc8 25. Ne3 e6 26. Rbc2 Bf8 27. Nd1 Kh7 28. Rb1 Nc4 29. Rb3 Na5 30. Rb1 Be7 31. g3 Rc4 32. Be3 Ra4 33. Kf1 Nc6 34. Re2 Na5 35. f4 Rg8 36. Kf2 h5 37. Kf3 Rc4 38. Rh2 Rcc8 39. g4 h4 40. g5 Kg6 41. Bf2 Rh8 42. Be1 Nc4 43. Ke2 Rb8 44. Ne3 Nxe3 45. Kxe3 Rbc8 46. Rbb2 Rc4 47. Kd3 Rhc8 48. Rb3 Kh5 1/2-1/2